000 00826 a2200217 4500
020 _a0470844671
040 _aDLC
_bDLC
082 0 0 _a621.3845
100 _aHolma, Harri
245 0 0 _aWCDMA for UMTS: radio access for third generation mobile communications
_bradio access for third generation mobile communications
_cedited by Harri Holma and Antti Toskala.
250 _a2nd ed.
260 _aWest Sussex, England ;
_aHoboken, N.J. :
_bJ. Wiley & Sons,
_cc2002.
300 _axvi, 391 p. :
_bill. ;
_c26 cm.
650 0 _aCode division multiple access.
650 0 _aWireless communication systems
_xStandards.
650 0 _aMobile communication systems
_xStandards.
650 0 _aGlobal system for mobile communications.
700 1 _aHolma, Harri,
_d1970-
700 1 _aToskala, Antti.
942 _cBK
_k621.3845 HOL
_2ddc
999 _c9794
_d9794